[Event "Youth Classic 2017 - Youth Open U14"]
[Site "Hasselgrundhalle - Bad Soden a"]
[Date "2017.10.02"]
[Round "6.12"]
[White "Albrecht, Edwin"]
[Black "Rahimova, Sarah"]
[Result "1-0"]
[WhiteElo "952"]
[BlackElo "987"]
[PlyCount "93"]
[EventDate "2017.??.??"]
[WhiteTeam "SC Bad Soden"]
[BlackTeam "SK Bad Homburg"]

1. e4 c5 2. Nf3 Nc6 3. d3 d6 4. Be3 Nf6 5. Nbd2 g6 6. c3 Bg7 7. d4 b6 8. Bb5
Bd7 9. Bc4 O-O 10. O-O Be6 11. d5 Bg4 12. dxc6 e6 13. Be2 Qc7 14. h3 Bxf3 15.
Bxf3 Rfe8 16. Re1 Qxc6 17. e5 Nd5 18. c4 Bxe5 19. cxd5 exd5 20. Rb1 Qd7 21.
Bxd5 Rac8 22. Nf3 Qf5 23. Nxe5 Rxe5 24. Bf3 d5 25. Bg4 Qe4 26. Bxc8 f5 27. Qd2
Qa4 28. Bf4 Re4 29. Rxe4 Qxe4 30. Re1 Qa4 31. Be6+ Kf8 32. Qxd5 Qxf4 33. Qd8+
Kg7 34. Qe7+ Kh6 35. g3 Qd2 36. Bg8 Qxb2 37. Qh4+ Kg7 38. Re7+ Kf8 39. Qxh7
Qa1+ 40. Kg2 Qf6 41. Qf7+ Qxf7 42. Rxf7+ Kxg8 43. Rxa7 c4 44. Rc7 b5 45. a4 b4
46. Rxc4 b3 47. Rb4 1-0

[Event "Youth Classic 2017 - Youth Open U14"]
[Site "Hasselgrundhalle - Bad Soden a"]
[Date "2017.10.02"]
[Round "6.13"]
[White "Gärtner, Johannes"]
[Black "Döhne, Vincent"]
[Result "1/2-1/2"]
[WhiteElo "878"]
[BlackElo "1319"]
[PlyCount "61"]
[EventDate "2017.??.??"]
[WhiteTeam "SF Heidesheim"]
[BlackTeam "SC Hattersheim"]

1. d4 Nf6 2. Bf4 d6 3. c3 g6 4. h3 Bg7 5. Nf3 O-O 6. e3 Nc6 7. Be2 e6 8. O-O
Qe7 9. Nbd2 e5 10. Bh2 e4 11. Ne1 Be6 12. a3 d5 13. Rc1 Qd7 14. Qb3 Rab8 15.
Nc2 a6 16. Nb4 Na5 17. Qa2 Rbc8 18. Nc2 Nc6 19. b4 b5 20. Rfe1 Ne7 21. Nb3 Rfd8
22. Nc5 Qc6 23. Qb2 Nd7 24. Nxe6 Qxe6 25. Bg4 f5 26. Be2 Rf8 27. Qb3 g5 28.
Rcd1 g4 29. hxg4 fxg4 30. Rf1 h5 31. g3 1/2-1/2

[Event "Youth Classic 2017 - Youth Open U14"]
[Site "Hasselgrundhalle - Bad Soden a"]
[Date "2017.10.02"]
[Round "6.14"]
[White "Porstendörfer, Eric"]
[Black "Gliesche, Joel"]
[Result "1-0"]
[WhiteElo "1253"]
[BlackElo "732"]
[PlyCount "89"]
[EventDate "2017.??.??"]
[WhiteTeam "SK Klingenberg"]
[BlackTeam "SG Mörsdorf-Lahr"]

1. e4 g6 2. d4 Bg7 3. Nf3 c6 4. Nc3 d6 5. g3 e5 6. d5 Nf6 7. b3 Bg4 8. h3 Bxf3
9. Qxf3 Nbd7 10. g4 h6 11. g5 hxg5 12. Bxg5 Bh6 13. Bxh6 Rxh6 14. O-O-O b5 15.
dxc6 Nc5 16. Bxb5 a6 17. c7+ axb5 18. cxd8=Q+ Rxd8 19. Qxf6 b4 20. Rxd6 Rxd6
21. Qxd6 bxc3 22. Qxc5 f6 23. Qxc3 g5 24. Qc6+ Kf7 25. a4 g4 26. Qd7+ Kf8 27.
Qxg4 Kf7 28. f4 Rg6 29. Qxg6+ Kxg6 30. fxe5 fxe5 31. a5 Kg5 32. a6 Kf4 33. a7
Kxe4 34. a8=Q+ Kf4 35. b4 e4 36. Qxe4+ Kxe4 37. h4 Kd5 38. h5 Kc4 39. h6 Kxb4
40. h7 Kc3 41. h8=Q+ Kc4 42. Rh5 Kb4 43. Qd4+ Ka3 44. Rb5 Ka2 45. Qb2# 1-0

[Event "Youth Classic 2017 - Youth Open U14"]
[Site "Hasselgrundhalle - Bad Soden a"]
[Date "2017.10.02"]
[Round "6.15"]
[White "Litzinger, Jan"]
[Black "Moldenhauer, Lennart"]
[Result "0-1"]
[WhiteElo "805"]
[BlackElo "1272"]
[PlyCount "142"]
[EventDate "2017.??.??"]
[WhiteTeam "SC Flörsheim"]
[BlackTeam "SV Oberursel"]

1. e4 c6 2. Nc3 d5 3. g3 d4 4. Nce2 Bg4 5. d3 e5 6. h3 Bh5 7. g4 Bg6 8. Nf3 Nd7
9. c3 c5 10. h4 h5 11. gxh5 Bxh5 12. Ng3 Bxf3 13. Qxf3 Rxh4 14. Rxh4 Qxh4 15.
Nf5 Qf6 16. Bd2 g6 17. Qg4 gxf5 18. Qxg8 fxe4 19. dxe4 O-O-O 20. O-O-O Qxf2 21.
Qg2 Qxg2 22. Bxg2 Be7 23. Bh3 Kb8 24. Rf1 f6 25. Rg1 Kc7 26. Rg7 Re8 27. Be1
Bf8 28. Rxd7+ Kb6 29. Rf7 Bh6+ 30. Bd2 Bg5 31. Bxg5 fxg5 32. Rg7 Rh8 33. Bf5
Rh1+ 34. Kc2 Rg1 35. Rg6+ Kb5 36. Bd7+ Ka5 37. Bc8 b6 38. Rg7 Rg2+ 39. Kc1 Rg1+
40. Kd2 Rg2+ 41. Ke1 Rxb2 42. Rxa7+ Kb5 43. Ba6+ Kc6 44. cxd4 cxd4 45. Kd1 g4
46. Ke1 g3 47. Kf1 g2+ 48. Kg1 b5 49. Re7 d3 50. Rxe5 d2 51. Rd5 Rb1+ 52. Kxg2
d1=Q 53. Rxd1 Rxd1 54. Bc8 Rd2+ 55. Kf3 Rxa2 56. e5 Ra4 57. e6 Kd6 58. Bd7 Ra5
59. Kf4 b4 60. Ke3 Rc5 61. Kd4 b3 62. Ba4 b2 63. e7 Kxe7 64. Kxc5 b1=Q 65. Kc4
Kd6 66. Kc3 Kc5 67. Bc2 Qb4+ 68. Kd3 Kd5 69. Ke2 Qc3 70. Bg6 Qe5+ 71. Kd2 Qg5+
0-1

[Event "Youth Classic 2017 - Youth Open U14"]
[Site "Hasselgrundhalle - Bad Soden a"]
[Date "2017.10.02"]
[Round "6.16"]
[White "Coskun, Eray"]
[Black "Edelmann, Viktor"]
[Result "1/2-1/2"]
[WhiteElo "795"]
[BlackElo "999"]
[PlyCount "70"]
[EventDate "2017.??.??"]
[WhiteTeam "SC Flörsheim"]
[BlackTeam "SC Frankfurt-West"]

1. e4 e5 2. Nf3 Nc6 3. Bc4 h6 4. O-O Nf6 5. d3 a6 6. a3 Bc5 7. Nc3 d6 8. h3 b5
9. Bd5 Nxd5 10. Nxd5 Nd4 11. Be3 Nxf3+ 12. Qxf3 Bxe3 13. fxe3 Rf8 14. Rf2 c6
15. Nb4 Qb6 16. Raf1 Ra7 17. Qg3 g6 18. c4 Rc7 19. d4 a5 20. c5 dxc5 21. dxc5
Qb7 22. Nd3 Rd7 23. Nxe5 Re7 24. Nxg6 Rg8 25. Nxe7 Rxg3 26. Nxc8 Qxc8 27. Rxf7
Rg8 28. e5 Qe6 29. Ra7 a4 30. Ra8+ Kd7 31. Ra7+ Kc8 32. Rff7 Kb8 33. Rab7+ Kc8
34. Rbc7+ Kd8 35. Rb7 Qc8 1/2-1/2

[Event "Youth Classic 2017 - Youth Open U14"]
[Site "Hasselgrundhalle - Bad Soden a"]
[Date "2017.10.02"]
[Round "6.17"]
[White "Edelmann, Anastasija"]
[Black "Murmann, Jonas"]
[Result "0-1"]
[WhiteElo "956"]
[BlackElo "916"]
[PlyCount "60"]
[EventDate "2017.??.??"]
[WhiteTeam "SC Frankfurt-West"]
[BlackTeam "SG Mörsdorf-Lahr"]

1. e4 e6 2. Nf3 d5 3. Nc3 Bd7 4. d4 c5 5. Bf4 Nc6 6. exd5 exd5 7. Nxd5 Be6 8.
c4 Bxd5 9. cxd5 Qxd5 10. Be2 cxd4 11. O-O Nf6 12. Bb5 Bd6 13. Bxc6+ bxc6 14.
Nxd4 Bxf4 15. Ne2 Be5 16. Rb1 Qxa2 17. Re1 O-O 18. f4 Bxb2 19. Qd2 Rab8 20. Nc3
Rfd8 21. Qc2 Qa3 22. Nd1 Bd4+ 23. Nf2 Qc5 24. Qa2 Bxf2+ 25. Qxf2 Qxf2+ 26. Kxf2
Rd2+ 27. Kg1 Rxb1 28. Rxb1 g6 29. Rc1 Ne4 30. Rc4 Rd1# 0-1

[Event "Youth Classic 2017 - Youth Open U14"]
[Site "Hasselgrundhalle - Bad Soden a"]
[Date "2017.10.02"]
[Round "6.18"]
[White "Moldenhauer, Nils"]
[Black "Stapel, Max"]
[Result "1-0"]
[WhiteElo "738"]
[BlackElo "934"]
[PlyCount "77"]
[EventDate "2017.??.??"]
[WhiteTeam "SV Oberursel"]
[BlackTeam "SC Flörsheim"]

1. e4 e5 2. Nf3 Nc6 3. Bc4 Nf6 4. d3 h6 5. O-O Bc5 6. Nc3 O-O 7. h3 d6 8. a3 a6
9. b4 Bd4 10. Bb2 b5 11. Bb3 Qe7 12. a4 Nxb4 13. axb5 Bb7 14. bxa6 Nxa6 15.
Nxd4 exd4 16. Nb5 c5 17. Qf3 Bc6 18. Na3 Qe5 19. Nc4 Qe7 20. Qg3 Qc7 21. Bc1
Nh5 22. Qg4 Nf6 23. Qf5 Bd7 24. Qf4 Nh5 25. Qf3 Nf6 26. Bf4 Ne8 27. Qg3 g5 28.
Bxd6 Nxd6 29. Nxd6 Be6 30. Bxe6 fxe6 31. Qe5 Rfe8 32. Rfe1 Nb4 33. Rxa8 Rxa8
34. Qxe6+ Kf8 35. e5 Nxc2 36. Rd1 Rd8 37. Qxh6+ Qg7 38. Qh5 Rd7 39. Qe8# 1-0

[Event "Youth Classic 2017 - Youth Open U14"]
[Site "Hasselgrundhalle - Bad Soden a"]
[Date "2017.10.02"]
[Round "6.20"]
[White "Samodurow, Georg"]
[Black "Boder, Finn"]
[Result "0-1"]
[WhiteElo "831"]
[BlackElo "968"]
[PlyCount "86"]
[EventDate "2017.??.??"]
[WhiteTeam "SC Bad Soden"]
[BlackTeam "SG Mörsdorf-Lahr"]

1. e4 e5 2. Nf3 Nc6 3. Bc4 Bc5 4. c3 a6 5. a3 Nf6 6. d4 exd4 7. cxd4 Ba7 8. Nc3
d6 9. O-O Bg4 10. h3 Bh5 11. Qd3 O-O 12. Re1 Qe7 13. e5 Bxf3 14. Qxf3 dxe5 15.
dxe5 Nxe5 16. Qxb7 Nf3+ 17. Qxf3 Qxe1+ 18. Bf1 Bd4 19. Nd1 Rad8 20. Be3 Bxb2
21. Rb1 Bxa3 22. Qe2 Qxe2 23. Bxe2 Nd5 24. Bg5 Rde8 25. Bc4 Re1+ 26. Kh2 Nb6
27. Bxa6 h6 28. Bf4 Nd5 29. Bd2 Re6 30. Bc4 Rd6 31. Ra1 Bb4 32. Bc1 Nb6 33. Be2
Re8 34. Bf3 c5 35. Be3 c4 36. Rc1 Bd2 37. Rc2 Bxe3 38. fxe3 Rc8 39. Bb7 Rc7 40.
Bf3 Kf8 41. Be4 Rxd1 42. Bf3 Rd3 43. Be2 Rxe3 0-1

[Event "Youth Classic 2017 - Youth Open U14"]
[Site "Hasselgrundhalle - Bad Soden a"]
[Date "2017.10.02"]
[Round "6.21"]
[White "Markosyan, Aleksandr"]
[Black "Lassek, Bjarne"]
[Result "1-0"]
[WhiteElo "1048"]
[BlackElo "731"]
[PlyCount "83"]
[EventDate "2017.??.??"]
[WhiteTeam "SG Idstein"]
[BlackTeam "SC Nied"]

1. e4 e5 2. Nf3 Nc6 3. Bc4 Bc5 4. Nc3 Nf6 5. d3 h6 6. Be3 Bxe3 7. fxe3 d5 8.
Nxd5 Nxd5 9. Bxd5 Ne7 10. Bc4 Bg4 11. O-O c6 12. Bxf7+ Kf8 13. Bb3 Qb6 14.
Nxe5+ Ke8 15. Nxg4 h5 16. Bf7+ Kd8 17. Ne5 Qxe3+ 18. Kh1 Qd4 19. Nc4 b5 20. c3
Qc5 21. d4 Qg5 22. Ne5 Qe3 23. Qf3 Qd2 24. Rf2 Qg5 25. Bxh5 Kc7 26. Nf7 Qxh5
27. Nxh8 Qxh8 28. Qf4+ Kd7 29. Qg4+ Kd6 30. e5+ Kc7 31. Rf7 Re8 32. Qe6 Qh4 33.
Qd6+ Kb6 34. Qc5+ Kc7 35. Qxa7+ Kd8 36. e6 Kc8 37. Qd7+ Kb8 38. Qxe8+ Ka7 39.
Rxe7+ Qxe7 40. Qxe7+ Kb8 41. Rf1 b4 42. Rf8# 1-0

[Event "Youth Classic 2017 - Youth Open U14"]
[Site "Hasselgrundhalle - Bad Soden a"]
[Date "2017.10.02"]
[Round "7.1"]
[White "Gallasch, Jonas"]
[Black "Riemann, Jonas"]
[Result "1/2-1/2"]
[WhiteElo "1761"]
[BlackElo "1689"]
[PlyCount "45"]
[EventDate "2017.??.??"]
[WhiteTeam "SG Porz"]
[BlackTeam "SK Bickenbach"]

1. d4 Nf6 2. c4 e6 3. Nf3 d5 4. Nc3 Bb4 5. cxd5 exd5 6. Bg5 h6 7. Bxf6 Qxf6 8.
e3 c6 9. h3 Bd6 10. Bd3 Nd7 11. O-O O-O 12. Rb1 Nb6 13. b4 Bf5 14. Qc2 Bxd3 15.
Qxd3 Rfd8 16. a4 Qe6 17. Nd2 Nd7 18. Rfd1 Nf6 19. e4 dxe4 20. Ndxe4 Nxe4 21.
Nxe4 Qd5 22. Nc3 Qg5 23. Ne4 1/2-1/2

[Event "Youth Classic 2017 - Youth Open U14"]
[Site "Hasselgrundhalle - Bad Soden a"]
[Date "2017.10.02"]
[Round "7.2"]
[White "Boder, Jan"]
[Black "Haack, Kevin"]
[Result "1-0"]
[WhiteElo "1772"]
[BlackElo "1655"]
[PlyCount "113"]
[EventDate "2017.??.??"]
[WhiteTeam "SG Mörsdorf-Lahr"]
[BlackTeam "SC Bad Soden"]

1. c4 e6 2. g3 d5 3. Bg2 Nf6 4. Nf3 c5 5. b3 Nc6 6. Bb2 d4 7. d3 Bd6 8. O-O O-O
9. Na3 a6 10. Nc2 Re8 11. e3 e5 12. exd4 exd4 13. Re1 Bf5 14. Qd2 Ng4 15. Nh4
Be6 16. h3 Nge5 17. f4 Ng6 18. Nxg6 hxg6 19. a3 Na5 20. Qf2 Nxb3 21. Rab1 Na5
22. Bc1 Rb8 23. Bd2 Nc6 24. Rb3 Qd7 25. Reb1 b5 26. cxb5 Ne7 27. R3b2 axb5 28.
Kh2 f6 29. Re1 Kf7 30. Rbb1 Rh8 31. h4 Ng8 32. Nxd4 cxd4 33. Qxd4 g5 34. Rxe6
Kxe6 35. Bb4 Rd8 36. Re1+ Kf7 37. Bd5+ Kf8 38. Be6 Qc7 39. fxg5 Bxb4 40. Qxb4+
Qd6 41. Qxb5 Rxh4+ 42. Kg2 Rh5 43. Qb7 Qe7 44. Qb3 Rd7 45. Qb8+ Qd8 46. Qb4+
Ne7 47. gxf6 gxf6 48. Qg4 Rg5 49. Qh4 Rxd3 50. Qh6+ Rg7 51. Qxf6+ Ke8 52. Qxg7
Rd2+ 53. Kh3 Rf2 54. Qh8+ Rf8 55. Qh5+ Ng6 56. Qxg6+ Ke7 57. Bc8# 1-0

[Event "Youth Classic 2017 - Youth Open U14"]
[Site "Hasselgrundhalle - Bad Soden a"]
[Date "2017.10.02"]
[Round "7.3"]
[White "Werner, Tom"]
[Black "Lorenz, Alexander"]
[Result "1-0"]
[WhiteElo "1554"]
[BlackElo "1539"]
[PlyCount "49"]
[EventDate "2017.??.??"]
[WhiteTeam "VSG Offenbach"]
[BlackTeam "SV Bergwinkel"]

1. c4 Nc6 2. Nf3 e5 3. Nc3 d6 4. d4 exd4 5. Nxd4 Nxd4 6. Qxd4 Nf6 7. g3 g6 8.
Bg5 Bg7 9. Nd5 Nh5 10. Qe4+ Be6 11. Bxd8 Kxd8 12. Bg2 Re8 13. Nxc7 Rc8 14. Nxe8
Rxc4 15. Qxb7 Kxe8 16. Bc6+ Kd8 17. Qb8+ Ke7 18. Qc7+ Kf6 19. Qd8+ Kf5 20. e4+
Kg4 21. f3+ Kxf3 22. O-O+ Ke3 23. Qg5+ Kd3 24. Rad1+ Kc2 25. Qd2# 1-0

[Event "Youth Classic 2016 - Youth Open U14"]
[Site "Hasselgrundhalle - Bad Soden a"]
[Date "2017.10.02"]
[Round "7.4"]
[White "Hagner, Bennet"]
[Black "Schwegler, Jelena"]
[Result "1-0"]
[WhiteElo "1680"]
[BlackElo "1462"]
[PlyCount "99"]
[EventDate "2017.??.??"]
[WhiteTeam "Frankfurter TV"]
[BlackTeam "SK Bad Homburg"]

1. e4 e5 2. Nf3 Nc6 3. d4 exd4 4. Bc4 Bc5 5. c3 dxc3 6. Nxc3 b6 7. O-O Nge7 8.
Ng5 Ne5 9. Bb3 O-O 10. Nxh7 Kxh7 11. Qh5+ Kg8 12. Qxe5 Ng6 13. Qg3 Re8 14. Qxg6
Rf8 15. Bh6 Bd4 16. Rad1 Bf6 17. Qg3 c6 18. e5 Bxe5 19. Qxe5 gxh6 20. Rd3 Kh7
21. Rg3 Rg8 22. Qf5+ Kh8 23. Qxf7 Ba6 24. Qxg8+ Qxg8 25. Rxg8+ Rxg8 26. Bxg8
Bxf1 27. Kxf1 Kxg8 28. Ke2 Kf7 29. f4 d5 30. Kd3 Kf6 31. g4 b5 32. Kd4 Ke6 33.
b4 Kd6 34. g5 hxg5 35. fxg5 Ke6 36. h4 Kf7 37. Nxd5 cxd5 38. Kxd5 Kg6 39. Kc5
Kg7 40. Kxb5 Kh7 41. h5 Kg7 42. Kc5 Kh7 43. Kd6 Kg7 44. Ke6 Kh7 45. Kf6 Kh8 46.
g6 Kg8 47. h6 Kh8 48. g7+ Kg8 49. Kg6 a5 50. h7# 1-0

[Event "Youth Classic 2016 - Youth Open U14"]
[Site "Hasselgrundhalle - Bad Soden a"]
[Date "2017.10.02"]
[Round "7.5"]
[White "Fuchs, Henrik"]
[Black "Müller, Maurice-Pascal"]
[Result "0-1"]
[WhiteElo "988"]
[BlackElo "1403"]
[PlyCount "66"]
[EventDate "2017.??.??"]
[WhiteTeam "SC Bad Soden"]
[BlackTeam "SC Landskrone"]

1. d4 Nf6 2. c4 g6 3. Nf3 Bg7 4. Nc3 O-O 5. Bf4 d6 6. e3 Bf5 7. Bd3 Bxd3 8.
Qxd3 Nbd7 9. O-O c5 10. a3 cxd4 11. exd4 Qc7 12. Nb5 Qb6 13. b4 a6 14. Nc3 Rad8
15. Rab1 Qa7 16. Rfe1 Rfe8 17. Re2 e5 18. Bg5 b5 19. c5 dxc5 20. dxc5 Qb7 21.
Qe3 h6 22. Bh4 e4 23. Nd4 g5 24. Bg3 Ng4 25. Qd2 Nxc5 26. bxc5 Bxd4 27. Rd1
Bxf2+ 28. Bxf2 Rxd2 29. Rdxd2 e3 30. Bxe3 Rxe3 31. Rd8+ Kg7 32. Rxe3 Nxe3 33.
Ne2 Qxg2# 0-1

[Event "Youth Classic 2016 - Youth Open U14"]
[Site "Hasselgrundhalle - Bad Soden a"]
[Date "2017.10.02"]
[Round "7.6"]
[White "Werner, Rosalie"]
[Black "Goetz, Fenja"]
[Result "1/2-1/2"]
[WhiteElo "1404"]
[BlackElo "1236"]
[PlyCount "39"]
[EventDate "2017.??.??"]
[WhiteTeam "VSG Offenbach"]
[BlackTeam "SK Bad Homburg"]

1. e4 c5 2. Nf3 Nc6 3. d4 cxd4 4. Nxd4 g6 5. Nc3 Bg7 6. Nb3 Nf6 7. Be2 b6 8.
Bg5 Bb7 9. f4 d6 10. O-O O-O 11. Qe1 Qd7 12. Qh4 Rfe8 13. Bh6 Rad8 14. Rf3 Qg4
15. Qxg4 Nxg4 16. Bxg7 Kxg7 17. Rg3 Nf6 18. h4 e6 19. h5 Ne7 20. hxg6 1/2-1/2

[Event "Youth Classic 2016 - Youth Open U14"]
[Site "Hasselgrundhalle - Bad Soden a"]
[Date "2017.10.02"]
[Round "7.7"]
[White "Haller, Christian"]
[Black "Wu, Sifan"]
[Result "0-1"]
[WhiteElo "1047"]
[BlackElo "1264"]
[PlyCount "120"]
[EventDate "2017.??.??"]
[WhiteTeam "SC Bad Soden"]
[BlackTeam "SV Oberursel"]

1. e4 e5 2. Nf3 Nc6 3. Bc4 Nf6 4. d3 d6 5. h3 Be7 6. Nc3 a6 7. a4 O-O 8. Bg5 h6
9. Bh4 Nd7 10. Bxe7 Qxe7 11. Qd2 Nb6 12. Bb3 Qf6 13. O-O-O Be6 14. Bxe6 Qxe6
15. b3 Nc8 16. d4 Nxd4 17. Nxd4 exd4 18. Qxd4 c5 19. Qd3 b5 20. axb5 axb5 21.
Nxb5 Qd7 22. Nxd6 Nxd6 23. Qxd6 Qxd6 24. Rxd6 Ra1+ 25. Kb2 Rxh1 26. Rc6 Rh2 27.
Rxc5 Rxg2 28. b4 Rxf2 29. b5 Rb8 30. Kb3 Rf4 31. e5 Rf5 32. Kc4 f6 33. c3 Rxe5
34. Rxe5 fxe5 35. Kc5 Kf7 36. Kc6 e4 37. b6 e3 38. Kc7 e2 39. Kxb8 e1=Q 40. b7
Qxc3 41. Ka7 Qa3+ 42. Kb6 Qb4+ 43. Kc7 Qc5+ 44. Kb8 Qb6 45. Kc8 Qc6+ 46. Kb8 g5
47. Ka7 Qa4+ 48. Kb6 Qb4+ 49. Kc7 Qc5+ 50. Kb8 h5 51. Ka8 Qa5+ 52. Kb8 g4 53.
hxg4 hxg4 54. Kc8 Qc5+ 55. Kb8 g3 56. Ka8 Qa5+ 57. Kb8 g2 58. Kc8 Qb6 59. Kb8
g1=Q 60. Kc8 Qgc5+ 0-1

[Event "Youth Classic 2016 - Youth Open U14"]
[Site "Hasselgrundhalle - Bad Soden a"]
[Date "2017.10.02"]
[Round "7.8"]
[White "Porstendörfer, Eric"]
[Black "Haller, Andreas"]
[Result "1-0"]
[WhiteElo "1253"]
[BlackElo "1033"]
[PlyCount "59"]
[EventDate "2017.??.??"]
[WhiteTeam "SK Klingenberg"]
[BlackTeam "SC Bad Soden"]

1. e4 e5 2. Nf3 Nc6 3. Bc4 Bc5 4. O-O Nf6 5. Nc3 d6 6. h3 O-O 7. d3 h6 8. a3 a5
9. Re1 Bd7 10. Be3 Nd4 11. Bxd4 exd4 12. Nd5 b5 13. Nxf6+ Qxf6 14. Ba2 Qg6 15.
Nh2 Bxh3 16. g4 c6 17. Qf3 Bxg4 18. Qxg4 Qxg4+ 19. Nxg4 Rfe8 20. Kh1 Rad8 21.
Rg1 Kh7 22. Bxf7 Rf8 23. Ba2 h5 24. Nh2 Rxf2 25. Rg2 Rdf8 26. Rag1 Rxg2 27.
Rxg2 Rd8 28. Nf3 d5 29. Ng5+ Kh6 30. Nf7+ 1-0

[Event "Youth Classic 2016 - Youth Open U14"]
[Site "Hasselgrundhalle - Bad Soden a"]
[Date "2017.10.02"]
[Round "7.9"]
[White "Gertel, Josef"]
[Black "Albrecht, Edwin"]
[Result "1/2-1/2"]
[WhiteElo "1253"]
[BlackElo "952"]
[PlyCount "34"]
[EventDate "2017.??.??"]
[WhiteTeam "SC Frankfurt-West"]
[BlackTeam "SC Bad Soden"]

1. e4 e5 2. Nf3 Nc6 3. Bc4 Bc5 4. c3 Nf6 5. d4 exd4 6. cxd4 Bb4+ 7. Bd2 Bxd2+
8. Qxd2 Nxe4 9. Qf4 Nf6 10. O-O d5 11. Re1+ Ne7 12. Bd3 O-O 13. Nc3 b6 14. Re2
c5 15. Rae1 Re8 16. Bb5 Bd7 17. Bxd7 Qxd7 1/2-1/2

[Event "Youth Classic 2016 - Youth Open U14"]
[Site "Hasselgrundhalle - Bad Soden a"]
[Date "2017.10.02"]
[Round "7.10"]
[White "Wisniewski, Niklas Lorenz"]
[Black "Porstendörfer, Yannik"]
[Result "0-1"]
[WhiteElo "1031"]
[BlackElo "1231"]
[PlyCount "90"]
[EventDate "2017.??.??"]
[WhiteTeam "SC Bad Soden"]
[BlackTeam "SK Klingenberg"]

1. e4 c5 2. Bc4 a6 3. a3 b5 4. Ba2 Bb7 5. d3 g6 6. Nf3 Bg7 7. Nbd2 d6 8. c3 Nc6
9. Qc2 e6 10. O-O Nge7 11. Re1 O-O 12. Nf1 d5 13. Bg5 Qd7 14. Bxe7 Nxe7 15. e5
Rac8 16. b4 d4 17. cxd4 Bxf3 18. gxf3 cxb4 19. Qb2 bxa3 20. Qxa3 Rc6 21. Rac1
Rfc8 22. Ne3 Rxc1 23. Rxc1 Rxc1+ 24. Qxc1 Qxd4 25. Qc7 Bxe5 26. Qxe7 Qa1+ 27.
Kg2 Qxa2 28. Ng4 Bg7 29. Qe8+ Bf8 30. Nh6+ Kg7 31. Qxf7+ Kxh6 32. Qxf8+ Kh5 33.
Qc5+ Qd5 34. Qb4 Qg5+ 35. Kh3 Qf5+ 36. Kg3 Qg5+ 37. Kh3 e5 38. Qd6 Qf5+ 39. Kg3
Qf4+ 40. Kg2 a5 41. Qc5 Kh4 42. Qe7+ Qg5+ 43. Qxg5+ Kxg5 44. Kf1 a4 45. Ke2 a3
0-1

[Event "Youth Classic 2016 - Youth Open U14"]
[Site "Hasselgrundhalle - Bad Soden a"]
[Date "2017.10.02"]
[Round "7.11"]
[White "Rahimova, Sarah"]
[Black "Döhne, Vincent"]
[Result "1-0"]
[WhiteElo "987"]
[BlackElo "1319"]
[PlyCount "31"]
[EventDate "2017.??.??"]
[WhiteTeam "SK Bad Homburg"]
[BlackTeam "SC Hattersheim"]

1. e4 e5 2. Nf3 Nc6 3. Nc3 Bc5 4. Nxe5 Bxf2+ 5. Kxf2 Nxe5 6. Be2 Nf6 7. Rf1 O-O
8. d4 Ng6 9. Kg1 d5 10. Bg5 dxe4 11. Nxe4 b6 12. Nxf6+ gxf6 13. Bxf6 Qd6 14.
Qd2 Nf4 15. Rxf4 Qd5 16. Rf3 1-0

[Event "Youth Classic 2016 - Youth Open U14"]
[Site "Hasselgrundhalle - Bad Soden a"]
[Date "2017.10.02"]
[Round "7.12"]
[White "Moldenhauer, Lennart"]
[Black "Murmann, Jonas"]
[Result "0-1"]
[WhiteElo "1272"]
[BlackElo "916"]
[PlyCount "56"]
[EventDate "2017.??.??"]
[WhiteTeam "SV Oberursel"]
[BlackTeam "SG Mörsdorf-Lahr"]

1. e4 e6 2. d4 d5 3. e5 c5 4. c3 Nc6 5. Bb5 Bd7 6. Ne2 a6 7. Bxc6 Bxc6 8. O-O
b5 9. f4 b4 10. f5 exf5 11. Rxf5 g6 12. Bg5 Ne7 13. Rf1 h6 14. Bf6 Rh7 15. Ng3
Bg7 16. Bxg7 Rxg7 17. Qf3 Nf5 18. Nxf5 gxf5 19. Qxf5 Bd7 20. Qf3 Qg5 21. Qxd5
Rc8 22. Qf3 cxd4 23. cxd4 Rc2 24. g3 h5 25. Qf4 h4 26. Qxg5 Rxg5 27. Rf3 Bc6
28. Re3 Rf5 0-1

[Event "Youth Classic 2016 - Youth Open U14"]
[Site "Hasselgrundhalle - Bad Soden a"]
[Date "2017.10.02"]
[Round "7.13"]
[White "Gräf, Jakob"]
[Black "Gärtner, Johannes"]
[Result "1-0"]
[WhiteElo "1268"]
[BlackElo "878"]
[PlyCount "67"]
[EventDate "2017.??.??"]
[WhiteTeam "SV Frankfurt Nord"]
[BlackTeam "SF Heidesheim"]

1. f4 e6 2. Nf3 d5 3. b3 c5 4. e3 Nc6 5. Bb2 Nf6 6. Be2 Be7 7. Nc3 Bd7 8. O-O
O-O 9. d3 b6 10. Qd2 Qc7 11. a3 a5 12. Rae1 Rfd8 13. Bd1 b5 14. Nxb5 Qb6 15.
Nc3 d4 16. Na4 Qa7 17. e4 Rdb8 18. Be2 Nd8 19. Rb1 Rb7 20. e5 Nd5 21. c4 Nc7
22. Ba1 Rab8 23. Bd1 Bxa4 24. Bc2 Bxb3 25. Rbc1 Bxc2 26. Qxc2 Qb6 27. Nd2 h6
28. f5 Nc6 29. f6 gxf6 30. exf6 Bd8 31. Qd1 Ne5 32. Qh5 Nxd3 33. Qxh6 Nxc1 34.
Qg7# 1-0

[Event "Youth Classic 2016 - Youth Open U14"]
[Site "Hasselgrundhalle - Bad Soden a"]
[Date "2017.10.02"]
[Round "7.14"]
[White "Senko, Daniel"]
[Black "Koch, Laura"]
[Result "0-1"]
[WhiteElo "1229"]
[BlackElo "774"]
[PlyCount "44"]
[EventDate "2017.??.??"]
[WhiteTeam "SC Bad Soden"]
[BlackTeam "SV Frankfurt Nord"]

1. e4 e5 2. Nf3 Nc6 3. Bc4 Nf6 4. d3 Bc5 5. Bg5 h6 6. Bh4 g5 7. Bg3 d5 8. Bb3
Qd6 9. O-O Bg4 10. Nbd2 O-O-O 11. Re1 Nd4 12. exd5 Rhe8 13. Nxe5 Bxd1 14. Raxd1
Nxb3 15. Nxb3 Qxd5 16. d4 Ne4 17. Rxe4 Qxe4 18. Nxc5 Rxd4 19. Ncd3 Qe2 20. Re1
Qxc2 21. Re3 f6 22. Ng4 Qd1+ 0-1

[Event "Youth Classic 2016 - Youth Open U14"]
[Site "Hasselgrundhalle - Bad Soden a"]
[Date "2017.10.02"]
[Round "7.15"]
[White "Czinkota, Michael"]
[Black "Moldenhauer, Nils"]
[Result "1-0"]
[WhiteElo "1035"]
[BlackElo "738"]
[PlyCount "59"]
[EventDate "2017.??.??"]
[WhiteTeam "SC Bad Soden"]
[BlackTeam "SV Oberursel"]

1. e4 e5 2. Nf3 Nc6 3. Bc4 Bc5 4. c3 Nf6 5. d3 O-O 6. O-O d6 7. Bb3 Qe8 8. Re1
Bg4 9. h3 Bh5 10. Nbd2 h6 11. Nf1 Qd8 12. Ng3 Bg6 13. d4 b5 14. dxc5 dxc5 15.
Qe2 c4 16. Bc2 Nh5 17. Nxh5 Bxh5 18. Rd1 Qe7 19. b3 cxb3 20. Bxb3 Rab8 21. Qe3
Bg6 22. a4 b4 23. c4 a5 24. Ne1 Qh4 25. Nf3 Qe7 26. Bb2 Rfd8 27. Rd5 Bh5 28.
Nxe5 Nxe5 29. Rxe5 Qd6 30. Rxh5 1-0

[Event "Youth Classic 2016 - Youth Open U14"]
[Site "Hasselgrundhalle - Bad Soden a"]
[Date "2017.10.02"]
[Round "7.17"]
[White "Gliesche, Joel"]
[Black "Coskun, Eray"]
[Result "1-0"]
[WhiteElo "732"]
[BlackElo "795"]
[PlyCount "67"]
[EventDate "2017.??.??"]
[WhiteTeam "SG Mörsdorf-Lahr"]
[BlackTeam "SC Flörsheim"]

1. e4 e5 2. Nf3 Nc6 3. Bc4 Nf6 4. Ng5 d5 5. exd5 Na5 6. d3 Bc5 7. d6 O-O 8.
dxc7 Qxc7 9. Bd2 Qb6 10. O-O Qxb2 11. Bxf7+ Rxf7 12. Nxf7 Qxa1 13. Ng5 Bg4 14.
Nf3 Bxf3 15. Qxf3 Qxa2 16. Nc3 Qxc2 17. Rd1 Rd8 18. h3 Nb3 19. Bg5 Qxc3 20.
Bxf6 Rf8 21. Qd5+ Rf7 22. Bxe5 Bd4 23. Bxd4 Qxd4 24. Qxb3 Qxf2+ 25. Kh2 h6 26.
d4 Kh7 27. d5 Rf3 28. Qxf3 Qh4 29. d6 Qa4 30. d7 b5 31. d8=Q b4 32. Rb1 a5 33.
Qe4+ g6 34. Qee7# 1-0

[Event "Youth Classic 2016 - Youth Open U14"]
[Site "Hasselgrundhalle - Bad Soden a"]
[Date "2017.10.02"]
[Round "7.18"]
[White "Edelmann, Viktor"]
[Black "Edelmann, Anastasija"]
[Result "1-0"]
[WhiteElo "999"]
[BlackElo "956"]
[PlyCount "43"]
[EventDate "2017.??.??"]
[WhiteTeam "SC Frankfurt-West"]
[BlackTeam "SC Frankfurt-West"]

1. e4 e5 2. Nf3 Nc6 3. Nc3 Nf6 4. Bb5 Bb4 5. d3 d6 6. a3 Bxc3+ 7. bxc3 b6 8.
Bxc6+ Bd7 9. Bxa8 Qxa8 10. Bg5 d5 11. Nxe5 dxe4 12. Bxf6 gxf6 13. Nxd7 Kxd7 14.
dxe4+ Kc8 15. Qg4+ Kd8 16. Rd1+ Ke8 17. Qd7+ Kf8 18. Qd8+ Qxd8 19. Rxd8+ Kg7
20. Rxh8 Kxh8 21. O-O a5 22. Rd1 1-0